| 000 | 00722nam a22001577a 4500 | ||
|---|---|---|---|
| 008 | 110906s1989 ua|||||r|||| 000 0dara d | ||
| 082 |
_222 _a219 _bأ ح م |
||
| 100 |
_916850 _aأحمد،رفعت سيد |
||
| 245 |
_aالحركات الإسلامية في مصر وإيران / _cرفعت سيد أحمد |
||
| 260 |
_aالقاهرة : _bسينا للنشر، 1989 _c1989 |
||
| 300 |
_a237 ص ؛ _c24 سم |
||
| 504 | _aيشتمل على إرجاعات ببليوجرافية | ||
| 650 |
_922258 _aالإسلام _xحركات الإحياء والإصلاح والتجديد |
||
| 942 |
_2ddc _cBB |
||
| 999 |
_c15962 _d15962 |
||